Indexy cien stavebných prác, materiálov a výrobkov spotrebovávaných v stavebníctve SR - 10/2004

Gespeichert in:
Bibliographische Detailangaben
Format: Buch
Sprache:Slowakisch
Englisch
Veröffentlicht: Bratislava Štatistický úrad Slovenskej republiky 2004
Schriftenreihe:Ceny
Tags: Tag hinzufügen
Keine Tags, Fügen Sie das erste Tag hinzu!

MARC

LEADER 00000nam$a2200000$$$4500
001 0024116
005 20260210080419.0
041 0 |a slo 
041 0 |a eng 
044 |a SK 
245 1 0 |a Indexy cien stavebných prác, materiálov a výrobkov spotrebovávaných v stavebníctve SR - 10/2004 
264 1 |a Bratislava  |b Štatistický úrad Slovenskej republiky  |c 2004 
300 |a 7 s. 
490 1 |a Ceny 
830 0 |a Ceny